000 00825nam a22002537a 4500
999 _c11610
_d11610
001 11610
003 BD-JhCC
005 20220731134024.0
008 200706b20082017bg a|||| ||a| 000 0 ben d
020 _a98470093000830
035 _a(BD-JhCC)11610
040 _aBD-JhCC
_dBD-JhCC
041 _aben
082 _a891.4393
_bDIF 2017
100 _aডিফো, ড্যানিয়েল
245 _aরবিনশন ক্রসো /
_cড্যানিয়েল ডিফো, অনু: জাকির শামীম।
260 _aঢাকা:
_bনালন্দা;
_c2017.
300 _a176 P. :
_bill;
_c22 CM.
610 _aCrusoe, Robinson (Fictitious character)
650 _aChildren's stories
700 _aশামীম, জাকির
942 _2ddc
_cBK
_07